000 00710cab a2200229 4500
001 WB3129-16
008 090401t1995 xxu||||| |||| 00| 0 eng d
035 _a(Sirsi) u40869
041 _aeng
245 _aPreferred locations
260 _c1995
350 _a0
490 _aFinancial Times
_v22 July 1995, 4(1)
520 _aHighlights the findings of the CBI Northern Region`s "Go West Cumbria" (summary report) analysing peripheral areas of England and Wales as locations for business and industry.
650 _aBUSINESS LOCATIONS
650 _aINWARD INVESTMENT
650 _aPERIPHERAL AREAS
650 _aRELOCATION
690 _aECONOMIC AND SOCIAL
942 _n0
948 _c04/03/1997
999 _c26198
_d26198